| 000 | 00772nam a22002411a 4500 | ||
|---|---|---|---|
| 001 | 32765 | ||
| 003 | AR-RoBPED | ||
| 005 | 20260514131912.0 | ||
| 007 | ta | ||
| 008 | 060307s1957 ag a|||br|||||||1 m|spa | ||
| 040 |
_aAR-BaBN _eaacr _dAR-RoBPED |
||
| 041 | _aspa | ||
| 100 |
_aFranchi, Luis _930847 |
||
| 245 | 1 | 0 |
_aLinterna : _blibro de lectura para quinto grado / _cLuis Franchi ; ilustraciones de Cerda Carretero. |
| 260 |
_aBuenos Aires : _bLibrerÃa del Colegio, _c1957. |
||
| 300 |
_a190 p. : _bil. |
||
| 650 | 4 |
_aARCHIVO INFANTIL _924464 |
|
| 650 | 4 |
_aQUINTO GRADO _91623 |
|
| 650 | 4 |
_aLIBROS DE LECTURA _915325 |
|
| 700 | 1 |
_aCerda Carretero _930928 |
|
| 942 |
_2udc _aK. 32765 _cBK _h372.4 _kIA _mF 81 _pInv. 42443 |
||
| 945 | _ann 14/05/2026 - cd 14/05/2026 | ||
| 999 |
_c32765 _d32765 |
||